000 00944cam a2200205 4500
001 WB3936-15
008 030925n2003 000 0 eng u
035 _a(Sirsi) u123723
245 _aBrtain's most detailed maps go mobile
260 _c2003
490 _aOrdnance Survey News Release
_v16 September 2003 (2)
520 _aMaps pinpointing individual buildings throughout Britain are about to become available through Ordnance Survey (OS) and mobile navigation specialists Yeoman Navigation Systems. The service available to Vodaphone live! customers will allow access to destination maps zooming right down to building level and incorporates the latest OS MasterMap data. http://www.ordnancesurvey.co.uk/media/newsreleases/2003/september/m8.htm
590 _aWB
650 _aMOBILE PHONES
650 _aORDNANCE SURVEY
650 _aDIGITAL MAPPING
650 _aOS MASTERMAP
690 _aMAPPING AND MEASUREMENT
942 _n0
999 _c73459
_d73459